Desarrollo de herramientas integradas al SIGDOJ como una opción de mejora a los servicios que brinda el CEDIJ

El propósito del presente trabajo es el desarrollo de un sistema de gestión documental mediante herramientas de resumen automático para disponer de mayor información, integración de un módulo de administración de tesauro jurídico y la disposición de sentencias y normas para la consulta en l...

Full description

Bibliographic Details
Main Author: Valdivia Flores, Fredmyl
Other Authors: Tutor: Díaz Batista, José Antonio
Format: Tesis Section = Libro
Language:Undetermined
Spanish
Published: Managua UNI 2013
Subjects:
LEADER 01210nam a2200253Ia 4500
008 240830s9999 xx 000 0 und d
040 |a BIBLIOTECA-RUPAP M.Mon 005.74 V146 
041 |a spa 
082 |a M.Mon 005.74 V146 
100 1 |a Valdivia Flores, Fredmyl 
245 1 0 |a Desarrollo de herramientas integradas al SIGDOJ como una opción de mejora a los servicios que brinda el CEDIJ 
260 |a Managua  |b UNI  |c 2013 
300 |a 72 p. :il. 
502 |a Tesis (Máster en Informática Empresarial)- UNI, 2013. 
520 3 |a El propósito del presente trabajo es el desarrollo de un sistema de gestión documental mediante herramientas de resumen automático para disponer de mayor información, integración de un módulo de administración de tesauro jurídico y la disposición de sentencias y normas para la consulta en línea. 
650 7 |a SISTEMA DE ALMACENAMIENTO Y RECUPERACION DE LA INFORMACION - CORTE SUPREMA DE JUSTICIA - NICARAGUA 
650 7 |b TECNOLOGIA DE LA INFORMACION 
650 7 |c SITIO WEB - BASE DE DATOS  
650 7 |d AUTOMATIZACION 
650 7 |e  DOCUMENTACION 
700 1 |a Tutor:  |b Díaz Batista, José Antonio 
942 |c BK  |2 ddc 
991 |a TESIS 
999 |c 15163